| 000 | 00560nam a22002057a 4500 | ||
|---|---|---|---|
| 005 | 20251108165428.0 | ||
| 008 | 250721s2002 xx 000 0 ara d | ||
| 082 | 1 | 4 | _a507/شوا |
| 100 | 1 | _aشواهين، خير | |
| 245 | 1 | 0 | _aتطوير مهارات التفكير في تعلم العلوم / |
| 264 | 1 |
_aاربد : _bدار الامل، _c2002. |
|
| 300 | _a309ص. | ||
| 650 | 1 | 7 | _aالفيزياء |
| 650 | 1 | 7 | _aالحرارة |
| 650 | 1 | 7 | _aالضوء |
| 650 | 1 | 7 | _aالكون |
| 650 | 1 | 7 | _aالتدريس |
| 942 |
_2ddc _cBK |
||
| 999 |
_c27686 _d27686 |
||